000 01255nam a2200313 i 4500
003 EG-GICUC
005 20260121101703.0
008 260108s1975 ua ||||fr|||| 001 0 ara d
017 _a3799
040 _a EG-GICUC
_bara
_c EG-GICUC
_d EG-GICUC
_erda
041 _aara
082 0 4 _a343.442
_bق د . ن
_221
092 0 4 _221
099 _aLaw1 10 343.442 ق د . ن 1975 1006785
100 0 _aقدري عبد الفتاح الشهاوي.
_eمؤلف.
245 1 2 _aالنظرية العامة للقضاء العسكري المصري والمقارن :
_cللمقدم الدكتور قدري عبد الفتاح الشهاوي.
_bالقوات المسلحة، هيئة الشرطة /
264 1 _aالإسكندرية، مصر :
_bمنشأة المعارف،
_c1975.
300 _a495 صفحة ؛
_c24 سم.
336 _2rda content
_atext
337 _2rda media
_aComputer
338 _2rda carrier
_aOnline Resource
504 _aيشتمل على ارجاعات ببليوجرافية.
546 _aالنص باللغة العربية
650 1 _aقانون العقوبات العسكري.
_2qrmak
651 1 _2qrmak
856 4 0 _uhttps://fll.law.cu.edu.eg/fulltext/bks/B10-06785.pdf
905 _a18
942 _2ddc
_n0
_cBK
_e21
999 _c55531
_d55531